[Event "LGA Premium Cup"]
[Site "schach.lga.de"]
[Date "2004.09.12"]
[Round "5"]
[White "Schmid, Dominik"]
[Black "Sha, Siyu"]
[Result "1-0"]
[WhiteElo "1877"]
[BlackElo "1279"]
[PlyCount "63"]
[EventDate "2004.09.12"]
[SourceDate "2004.09.26"]

1. d4 Nf6 2. Bg5 e6 3. Nc3 Be7 4. Nf3 Nc6 5. a3 O-O 6. Qd2 d5 7. e3 Bd7 8. Bd3
h6 9. Bh4 Ne8 10. Bxe7 Qxe7 11. h4 h5 12. Qe2 g6 13. Ng5 Kg7 14. O-O-O Nd6 15.
g4 Rh8 16. Rdg1 f5 17. gxh5 Rxh5 18. Nxe6+ Kf6 19. Nxd5+ Kxe6 20. Nxe7 Kxe7 21.
Rxg6 Rah8 22. c3 Rxh4 23. Rg7+ Kd8 24. Rxh4 Rxh4 25. Qf3 Ne4 26. Bxe4 Rxe4 27.
Qh1 Ne7 28. Qh7 c6 29. Kd2 b5 30. f3 Re6 31. e4 fxe4 32. fxe4 1-0

[Event "LGA Premium Cup"]
[Site "schach.lga.de"]
[Date "2004.09.12"]
[Round "5"]
[White "Wehner, Veit"]
[Black "Dehmel, Steffi"]
[Result "0-1"]
[WhiteElo "1626"]
[BlackElo "1791"]
[PlyCount "102"]
[EventDate "2004.09.12"]
[SourceDate "2004.09.26"]

1. d4 Nf6 2. c4 g6 3. Nc3 d5 4. cxd5 Nxd5 5. Qb3 Nxc3 6. bxc3 Bg7 7. Nf3 O-O 8.
Ba3 Re8 9. e4 e6 10. Be2 b6 11. O-O Bb7 12. Qc2 Nd7 13. Rad1 Nf6 14. Nd2 Rc8
15. Rfe1 h5 16. Bd3 c5 17. Bb5 cxd4 18. Bxe8 Qxe8 19. c4 Qc6 20. f3 e5 21. Rb1
Bh6 22. Rec1 Ba6 23. Bb4 Be3+ 24. Kh1 h4 25. Re1 Nh5 26. Nf1 Bf4 27. Bd2 Bxc4
28. Qb2 Qf6 29. Bc1 Bd3 30. Bxf4 Bxb1 31. Bxe5 Qxe5 32. Rxb1 Rc3 33. Rd1 Qc5
34. Nd2 Rc2 35. Qb1 Qc3 36. Nb3 d3 37. Qa1 Qxa1 38. Rxa1 Nf4 39. g3 hxg3 40.
hxg3 Ne2 41. Kh2 Nc3+ 42. Kh3 d2 43. Nxd2 Rxd2 44. a3 Rd3 45. Kg4 Nb5 46. a4
Nd4 47. f4 Ne2 48. Re1 Nxg3 49. e5 Nf5 50. Kg5 Kg7 51. Rg1 Rg3+ 0-1

[Event "LGA Premium Cup"]
[Site "schach.lga.de"]
[Date "2004.09.12"]
[Round "5"]
[White "Buchal, Werner"]
[Black "Grimm, Pascal"]
[Result "1-0"]
[WhiteElo "1791"]
[BlackElo "1622"]
[PlyCount "87"]
[EventDate "2004.09.12"]
[SourceDate "2004.09.26"]

1. d4 g6 2. e4 Bg7 3. Nf3 d6 4. Nbd2 Nc6 5. c3 e5 6. d5 Nce7 7. Be2 f5 8. Bd3
f4 9. Qc2 Nf6 10. b3 h6 11. Bb2 g5 12. h3 Bd7 13. O-O-O Ng6 14. Be2 Qe7 15. c4
b6 16. a4 a5 17. Bd3 O-O-O 18. Kb1 Nh7 19. Bc3 h5 20. Rc1 g4 21. hxg4 hxg4 22.
Ne1 Nf6 23. Rg1 Rh7 24. c5 dxc5 25. Ba6+ Kb8 26. Bxa5 bxa5 27. Qc3 Qd6 28. Qxa5
Qb6 29. Qxc5 Qxc5 30. Rxc5 Bc8 31. Bb5 Bb7 32. a5 Bf8 33. Rc2 Ka7 34. Nd3 Ba6
35. Bxa6 Kxa6 36. Rc6+ Kxa5 37. Rxf6 Rg7 38. Kb2 Kb5 39. Nc4 Ra8 40. Rh1 Bc5
41. Nxc5 Kxc5 42. Rd1 Re8 43. Ra6 Rc8 44. Kc3 1-0

[Event "LGA Premium Cup"]
[Site "schach.lga.de"]
[Date "2004.09.12"]
[Round "5"]
[White "Zier, Verena"]
[Black "Elster, Sebastian"]
[Result "1/2-1/2"]
[WhiteElo "1572"]
[BlackElo "1790"]
[PlyCount "58"]
[EventDate "2004.09.12"]
[SourceDate "2004.09.26"]

1. d4 d5 2. c4 e6 3. Nc3 c6 4. e3 Nf6 5. Nf3 Nbd7 6. Qc2 Bd6 7. Be2 O-O 8. O-O
dxc4 9. Bxc4 b5 10. Bd3 Bb7 11. b3 h6 12. Bb2 Rc8 13. Ne4 Nxe4 14. Bxe4 Nf6 15.
Bd3 Nd5 16. Qe2 a6 17. Rac1 Qe7 18. Rfd1 Nf6 19. h3 Nd7 20. Nd2 e5 21. Ne4 Bb8
22. Nc5 Nxc5 23. dxc5 e4 24. Bb1 f5 25. b4 Rcd8 26. a3 Bc8 27. Ba2+ Be6 28.
Bxe6+ Qxe6 29. Rxd8 Rxd8 1/2-1/2

[Event "LGA Premium Cup"]
[Site "schach.lga.de"]
[Date "2004.09.12"]
[Round "5"]
[White "Bildt, Maximilian"]
[Black "Sarec, Ivica"]
[Result "1/2-1/2"]
[WhiteElo "1462"]
[BlackElo "2038"]
[PlyCount "126"]
[EventDate "2004.09.12"]
[SourceDate "2004.09.26"]

1. e4 c5 2. Nf3 Nf6 3. Nc3 e6 4. d4 d5 5. exd5 Nxd5 6. Bg5 Nxc3 7. bxc3 Be7 8.
Bxe7 Qxe7 9. g3 Nc6 10. Bg2 O-O 11. O-O e5 12. d5 Rd8 13. c4 Nd4 14. c3 Nxf3+
15. Qxf3 f5 16. Rad1 Qd6 17. Rd2 b6 18. Re1 e4 19. Qh5 Qf6 20. Re3 g6 21. Qh6
Ba6 22. Bf1 Rd6 23. f3 Rf8 24. Qh3 f4 25. Rxe4 Bc8 26. Qg2 Qxc3 27. Rxf4 Rxf4
28. gxf4 Qe3+ 29. Qf2 Qxf4 30. Re2 Bd7 31. Re4 Qg5+ 32. Qg3 Qxg3+ 33. hxg3 a6
34. Re3 b5 35. Rc3 b4 36. Re3 Kf7 37. Bd3 a5 38. Kf2 Rb6 39. Bc2 a4 40. Ke2 Ra6
41. Kd2 Kf6 42. Kc1 h5 43. f4 Ra8 44. Re5 Re8 45. Rxe8 Bxe8 46. Kd2 g5 47.
fxg5+ Kxg5 48. Ke3 a3 49. Kf3 Bg6 50. Bd1 Bb1 51. Bb3 Kf5 52. Ke3 Ke5 53. Kf3
Be4+ 54. Ke3 Bg6 55. Ba4 Bf5 56. Bb3 Bc8 57. Bc2 Bd7 58. Bb3 Bf5 59. Ba4 Bh3
60. Bb3 Bf1 61. Kf2 Bd3 62. Ke3 Bb1 63. Kf3 Be4+ 1/2-1/2

[Event "LGA Premium Cup"]
[Site "schach.lga.de"]
[Date "2004.09.12"]
[Round "5"]
[White "Werner, Thomas"]
[Black "Yiu, Zixiao"]
[Result "0-1"]
[WhiteElo "1837"]
[BlackElo "1683"]
[PlyCount "114"]
[EventDate "2004.09.12"]
[SourceDate "2004.09.26"]

1. d4 b5 2. c3 Bb7 3. Bg5 Nf6 4. Nd2 h6 5. Bh4 e6 6. e3 Be7 7. Ngf3 a6 8. Bd3
c5 9. O-O cxd4 10. exd4 O-O 11. Re1 Nd5 12. Bxe7 Qxe7 13. Nb3 d6 14. Na5 Nc6
15. Nxb7 Qxb7 16. g3 Rac8 17. Qe2 Nf6 18. Nd2 Ne7 19. a4 Rb8 20. axb5 axb5 21.
Ra5 b4 22. c4 Qb6 23. Nb3 Nc6 24. c5 dxc5 25. dxc5 Qc7 26. Rb5 Nd7 27. Rxb8
Rxb8 28. f4 Nxc5 29. Nxc5 Nd4 30. Qe4 Qxc5 31. Qh7+ Kf8 32. Kg2 Nc6 33. Qh8+
Ke7 34. Qxg7 Qd5+ 35. Be4 Qd2+ 36. Kh3 Qxe1 37. Bxc6 Rc8 38. Ba4 Qf1+ 39. Kh4
Qg2 40. h3 Qa8 41. Bd1 Rg8 42. Qd4 Qd8 43. Qxd8+ Rxd8 44. Ba4 f6 45. g4 e5 46.
fxe5 fxe5 47. g5 hxg5+ 48. Kxg5 Rf8 49. h4 e4 50. Kg4 e3 51. Bb5 Rf2 52. Kg3
Rxb2 53. Kf3 Rh2 54. Kxe3 b3 55. Bd3 b2 56. Kd4 Rd2 57. Kc3 Rxd3+ 0-1

[Event "LGA Premium Cup"]
[Site "schach.lga.de"]
[Date "2004.09.12"]
[Round "5"]
[White "Hamelrath, Edward"]
[Black "Ebenhöch, Daniel"]
[Result "1-0"]
[WhiteElo "1443"]
[BlackElo "1721"]
[PlyCount "76"]
[EventDate "2004.09.12"]
[SourceDate "2004.09.26"]

1. d4 Nf6 2. c4 g6 3. Nc3 Bg7 4. e4 d6 5. f3 O-O 6. Be3 Nbd7 7. Nh3 c6 8. Nf2
a6 9. a4 Re8 10. Be2 e5 11. d5 c5 12. O-O h6 13. Qd2 Kh7 14. a5 Rf8 15. Ng4 Ng8
16. Nf2 Ne7 17. Nd3 f5 18. f4 fxe4 19. Nxe4 Nf5 20. Bf2 Qe7 21. Rae1 exf4 22.
Nxf4 Ne5 23. Kh1 Qc7 24. b4 Nd4 25. Bxd4 cxd4 26. c5 Bf5 27. Nxd6 Bd7 28. Nd3
Ng4 29. Bxg4 Bxg4 30. h3 Bd7 31. Rxf8 Rxf8 32. Kg1 h5 33. Re7 Qd8 34. Qg5 Rf6
35. Qxf6 Qg8 36. Rxd7 Kh6 37. Qxg7+ Qxg7 38. Rxg7 Kxg7 1-0

[Event "LGA Premium Cup"]
[Site "schach.lga.de"]
[Date "2004.09.12"]
[Round "5"]
[White "schäfer, Erich"]
[Black "Deinlein, Albert"]
[Result "0-1"]
[WhiteElo "1440"]
[BlackElo "1621"]
[PlyCount "96"]
[EventDate "2004.09.12"]
[SourceDate "2004.09.26"]

1. e4 c5 2. Nf3 Nc6 3. g3 e5 4. Bg2 Nf6 5. d3 d6 6. h3 Be7 7. O-O Be6 8. Nbd2
Qd7 9. Ng5 O-O-O 10. Nxe6 Qxe6 11. c4 h6 12. Re1 Rdg8 13. Nf1 Kb8 14. Ne3 g6
15. Nd5 Qd7 16. Nxe7 Nxe7 17. a3 Nc6 18. Bd2 Nd4 19. b4 g5 20. bxc5 dxc5 21.
Rb1 h5 22. Be3 Ne8 23. Bxd4 cxd4 24. Rb5 f6 25. Qa4 Nd6 26. Reb1 Nxb5 27. Rxb5
Rc8 28. Qb4 Rc7 29. Rd5 Qe7 30. Qb2 Rc5 31. a4 Rhc8 32. Qa3 Qc7 33. a5 Rxd5 34.
exd5 Qc5 35. Qa4 Rd8 36. Be4 h4 37. g4 a6 38. Kg2 Kc7 39. Bf5 b6 40. axb6+ Kxb6
41. Qb3+ Ka7 42. Qa4 a5 43. Kf3 Rb8 44. Qd7+ Rb7 45. Qd8 Qb6 46. Qf8 a4 47. d6
Qb1 48. d7 Qh1+ 0-1

[Event "LGA Premium Cup"]
[Site "schach.lga.de"]
[Date "2004.09.12"]
[Round "5"]
[White "Anders, Maik"]
[Black "Alsheimer, Patrick"]
[Result "1-0"]
[WhiteElo "1603"]
[BlackElo "1394"]
[PlyCount "87"]
[EventDate "2004.09.12"]
[SourceDate "2004.09.26"]

1. d4 Nf6 2. Nf3 e6 3. Bg5 h6 4. Bh4 b6 5. e3 Bb7 6. Nbd2 Be7 7. Bd3 O-O 8. O-O
d5 9. Ne5 Ne4 10. Bxe7 Qxe7 11. c3 Nxd2 12. Qxd2 Nd7 13. f4 f6 14. Ng6 Qf7 15.
Nxf8 Qxf8 16. Qf2 c5 17. Qg3 f5 18. Qg6 c4 19. Qxe6+ Qf7 20. Bxf5 Nf8 21. Qxf7+
Kxf7 22. Rf3 g6 23. Bc2 Bc8 24. e4 Be6 25. exd5 Bxd5 26. Re3 Ne6 27. g3 Nd8 28.
Rae1 Nc6 29. Be4 Bxe4 30. Rxe4 b5 31. d5 Na5 32. Re7+ Kf8 33. Rh7 Kg8 34. Ree7
h5 35. Rxa7 Rd8 36. Rhg7+ Kf8 37. Rxg6 Rxd5 38. Rxa5 Rd1+ 39. Kg2 Rd2+ 40. Kh3
Rxb2 41. Rb6 b4 42. Rxb4 Rxb4 43. cxb4 c3 44. Rc5 1-0

[Event "LGA Premium Cup"]
[Site "schach.lga.de"]
[Date "2004.09.12"]
[Round "5"]
[White "Riexinger, Martin"]
[Black "Balhar, Michael"]
[Result "1-0"]
[WhiteElo "1422"]
[BlackElo "1584"]
[PlyCount "121"]
[EventDate "2004.09.12"]
[SourceDate "2004.09.26"]

1. d4 Nf6 2. c4 c5 3. e3 d6 4. dxc5 Qa5+ 5. Nc3 Qxc5 6. b3 g6 7. Bb2 Bg7 8. Nf3
O-O 9. Nd5 Nxd5 10. Bxg7 Nxe3 11. Qd2 Nxg2+ 12. Bxg2 Kxg7 13. Qd4+ Qxd4 14.
Nxd4 Na6 15. h4 h5 16. Rg1 Nc5 17. Kd2 e5 18. Nb5 a6 19. Nc3 Be6 20. Bf3 Kh6
21. Rg3 Bf5 22. Nd5 Rab8 23. Nf6 b5 24. cxb5 Rxb5 25. Rgg1 Nd7 26. Nxd7 Bxd7
27. Be4 Rg8 28. Rg5 Rb4 29. Ke3 Rd4 30. f4 exf4+ 31. Kxd4 Bg4 32. Ra5 f5 33.
Bd3 Re8 34. Rf1 Re3 35. Rxf4 Rh3 36. Rxa6 Rxh4 37. Rxd6 Kg5 38. Rf2 Bh3+ 39.
Ke5 Rb4 40. a3 Bg4 41. Bc4 Rb8 42. Bf7 Kh4 43. Rxg6 Rb7 44. Bd5 Re7+ 45. Re6
Rc7 46. Rc6 Re7+ 47. Kd4 Kg3 48. Rb2 h4 49. Rc3+ Kf4 50. Rf2+ Kg5 51. a4 h3 52.
a5 Ra7 53. Bb7 f4 54. Rc5+ Kh4 55. Rxf4 Kg3 56. Rf8 h2 57. Rc1 Bh3 58. Ra8 Rxa8
59. Bxa8 Bc8 60. Bb7 Be6 61. Bd5 1-0

[Event "LGA Premium Cup"]
[Site "schach.lga.de"]
[Date "2004.09.12"]
[Round "5"]
[White "Lingl, Peter"]
[Black "Hennemann, Herbert"]
[Result "1-0"]
[WhiteElo "1393"]
[BlackElo "1546"]
[PlyCount "115"]
[EventDate "2004.09.12"]
[SourceDate "2004.09.26"]

1. e4 e6 2. d4 d5 3. exd5 exd5 4. c4 Bb4+ 5. Bd2 Bxd2+ 6. Nxd2 Nf6 7. Ngf3 O-O
8. Be2 b6 9. O-O Bb7 10. Rc1 dxc4 11. Nxc4 Nd5 12. Qd2 Nd7 13. Bd3 N7f6 14.
Rfe1 c6 15. Re5 Ng4 16. Rh5 Nh6 17. Ng5 Nf6 18. Rh3 Qd5 19. Rg3 Nf5 20. Ne3
Nxe3 21. fxe3 Rae8 22. Rf1 Nh5 23. Rf5 Qxa2 24. Nxh7 Nxg3 25. hxg3 g6 26. Nf6+
Kg7 27. e4 Re6 28. e5 Rh8 29. Rg5 Ba6 30. Bf5 Rxf6 31. exf6+ Kxf6 32. Bc2 Qe6
33. Re5 Qa2 34. Bxg6 Kxg6 35. Qg5+ Kh7 36. Qh5+ Kg7 37. Qg5+ Kh7 38. Kh2 Qb1
39. Qh4+ Kg7 40. Rg5+ Kf6 41. Rh5+ Kg7 42. Rxh8 Qg6 43. Ra8 Bc4 44. Rxa7 Be2
45. Qf4 Bg4 46. Rb7 Qh7+ 47. Kg1 Qb1+ 48. Qf1 Qg6 49. Rxb6 Qd6 50. Qf4 Qd7 51.
Qe5+ f6 52. Qc5 Qe8 53. Qxc6 Qe1+ 54. Kh2 Qf2 55. Rb7+ Kg6 56. Qe8+ Kg5 57.
Qg8+ Kf5 58. Rb5+ 1-0

[Event "LGA Premium Cup"]
[Site "schach.lga.de"]
[Date "2004.09.12"]
[Round "5"]
[White "Zeug, Klaus-Peter"]
[Black "Dreiseitel, Werner"]
[Result "0-1"]
[WhiteElo "1510"]
[BlackElo "1278"]
[PlyCount "92"]
[EventDate "2004.09.12"]
[SourceDate "2004.09.26"]

1. d4 d5 2. c4 c6 3. Nf3 Nf6 4. Nc3 e6 5. Bg5 Nbd7 6. e3 a6 7. Bd3 dxc4 8. Bxc4
b5 9. Bd3 Bb7 10. a3 c5 11. O-O Be7 12. Re1 O-O 13. dxc5 Nxc5 14. Be2 Nfe4 15.
Bxe7 Qxe7 16. Nxe4 Nxe4 17. Rc1 Rad8 18. Qc2 Rd7 19. Red1 Rxd1+ 20. Rxd1 Rd8
21. Ne5 Rxd1+ 22. Qxd1 Qc7 23. Nd3 h6 24. Bf3 Ng5 25. Bxb7 Qxb7 26. h4 Nh7 27.
Nc5 Qc8 28. Nxa6 Qxa6 29. Qd8+ Nf8 30. Qd3 f6 31. b4 Qc6 32. Kh2 Qd5 33. Qc2 f5
34. g3 Ng6 35. a4 bxa4 36. Qxa4 Ne5 37. b5 Ng4+ 38. Kg1 Qd2 39. Qa8+ Kh7 40.
Qf3 Qb2 41. e4 Qb1+ 42. Kg2 Ne5 43. Qe2 fxe4 44. Kh2 Nf3+ 45. Kh3 Ng1+ 46. Kg4
Nxe2 0-1

[Event "LGA Premium Cup"]
[Site "schach.lga.de"]
[Date "2004.09.12"]
[Round "5"]
[White "Kittler, Alexander"]
[Black "Frank, Gerhard"]
[Result "1/2-1/2"]
[WhiteElo "1271"]
[BlackElo "1507"]
[PlyCount "29"]
[EventDate "2004.09.12"]
[SourceDate "2004.09.26"]

1. e4 c5 2. Nf3 Nc6 3. d4 cxd4 4. Nxd4 g6 5. Nc3 Bg7 6. Nxc6 bxc6 7. Bd2 d5 8.
Bd3 Nf6 9. O-O O-O 10. Re1 e6 11. Qc1 Re8 12. Bh6 Bh8 13. Bg5 Qc7 14. Qd2 Ng4
15. g3 1/2-1/2

[Event "LGA Premium Cup"]
[Site "schach.lga.de"]
[Date "2004.09.12"]
[Round "5"]
[White "Lingl, Xenia"]
[Black "Rösch, Daniel"]
[Result "0-1"]
[WhiteElo "1215"]
[BlackElo "1473"]
[PlyCount "68"]
[EventDate "2004.09.12"]
[SourceDate "2004.09.26"]

1. e4 d6 2. Nf3 g6 3. Bc4 Bg7 4. Nc3 c6 5. d3 Nf6 6. O-O O-O 7. Be3 Bg4 8. h3
Bxf3 9. Qxf3 Nbd7 10. d4 e5 11. d5 c5 12. Qe2 a6 13. a4 Qb6 14. Rab1 Qb4 15. f3
Nh5 16. Kh2 f5 17. Bd2 f4 18. Rg1 Ng3 19. Qd3 Nf6 20. Ne2 Qxa4 21. Nxg3 fxg3+
22. Kxg3 Nh5+ 23. Kh2 Qd7 24. Rbf1 b5 25. Ba2 Qf7 26. Qe2 Qf6 27. Be3 Nf4 28.
Qd2 Qh4 29. Bf2 Qh6 30. Be3 Rf7 31. Rh1 Bf6 32. Kg1 Bg5 33. Qf2 Kg7 34. h4 Nh3+
0-1

[Event "LGA Premium Cup"]
[Site "schach.lga.de"]
[Date "2004.09.12"]
[Round "5"]
[White "Leis, Stefan"]
[Black "Zier, Oliver"]
[Result "0-1"]
[WhiteElo "1067"]
[BlackElo "1444"]
[PlyCount "126"]
[EventDate "2004.09.12"]
[SourceDate "2004.09.26"]

1. e4 c5 2. Nf3 Nc6 3. d4 cxd4 4. Nxd4 e6 5. Nc3 Bb4 6. a3 Bxc3+ 7. bxc3 Nf6 8.
Bg5 Qa5 9. Qd3 Nxe4 10. Bd2 Nxd4 11. Qxd4 Qd5 12. Qxd5 exd5 13. Bd3 d6 14. Bf4
Nxc3 15. Bxd6 Ne4 16. Bb4 a5 17. Bxe4 axb4 18. Bxd5 bxa3 19. O-O O-O 20. Rfb1
Ra7 21. Rb3 Rd8 22. c4 Be6 23. Bxe6 fxe6 24. f3 Rda8 25. Kf2 Ra4 26. Ke3 a2 27.
Kd3 Ra3 28. Kc2 Rxb3 29. Kxb3 Kf7 30. Rxa2 Rxa2 31. Kxa2 Kf6 32. Kb2 Ke5 33.
Kc3 g5 34. Kd3 h5 35. g3 h4 36. Ke3 b6 37. Kd3 Kd6 38. gxh4 gxh4 39. h3 Ke5 40.
Ke3 Kf5 41. f4 e5 42. fxe5 Kxe5 43. Kd3 Kf4 44. Kd4 Kf3 45. Kd3 Kf4 46. Kd4 Kf3
47. Kd3 Kg3 48. Ke3 Kxh3 49. Kf3 Kh2 50. Kf2 h3 51. Kf1 Kg3 52. Kg1 Kf3 53. Kh2
Ke4 54. Kxh3 Kd4 55. Kg2 Kxc4 56. Kf2 Kd3 57. Ke1 Kc2 58. Ke2 b5 59. Ke3 b4 60.
Kd4 b3 61. Kc4 b2 62. Kb4 b1=Q+ 63. Ka4 Kc3 0-1

[Event "LGA Premium Cup"]
[Site "schach.lga.de"]
[Date "2004.09.12"]
[Round "5"]
[White "Küffner, Christian"]
[Black "Müller, Georg"]
[Result "1-0"]
[WhiteElo "1490"]
[BlackElo "1100"]
[PlyCount "27"]
[EventDate "2004.09.12"]
[SourceDate "2004.09.26"]

1. e4 e5 2. Nf3 Nc6 3. Bc4 Nf6 4. d4 exd4 5. e5 Ne4 6. O-O Bc5 7. Qe2 O-O 8.
Qxe4 Re8 9. Qd5 Qe7 10. Bg5 Qe6 11. Qxc5 Qf5 12. Re1 d6 13. Qb5 Nxe5 14. Qxe8#
1-0

[Event "LGA Premium Cup"]
[Site "schach.lga.de"]
[Date "2004.09.12"]
[Round "5"]
[White "Hennch, Thomas"]
[Black "Schäfer, Ann-Kathrin"]
[Result "1-0"]
[WhiteElo "794"]
[BlackElo "1010"]
[PlyCount "113"]
[EventDate "2004.09.12"]
[SourceDate "2004.09.26"]

1. e4 e5 2. Nf3 Nc6 3. Bc4 Nf6 4. Ng5 d5 5. exd5 Nxd5 6. Nxf7 Kxf7 7. Qf3+ Ke8
8. Bxd5 Bd7 9. Nc3 Nd4 10. Qh5+ g6 11. Qxe5+ Qe7 12. Qxe7+ Bxe7 13. O-O Nxc2
14. Rb1 Bf5 15. Bxb7 Rb8 16. Be4 Bc5 17. Bxf5 gxf5 18. d3 Bd4 19. Bf4 Rb7 20.
Rfc1 Bxc3 21. Rxc2 Rb4 22. Re2+ Kf7 23. Bxc7 Rb7 24. Be5 Re8 25. f4 Bd4+ 26.
Kf1 a5 27. Bxd4 Rxe2 28. Kxe2 a4 29. h3 a3 30. b3 Re7+ 31. Kf3 Rc7 32. b4 Ke6
33. Rb3 Kd5 34. Ke3 Rc2 35. Rxa3 Rxg2 36. b5 Rg3+ 37. Ke2 Kxd4 38. b6 Rg2+ 39.
Ke1 Ke3 40. d4+ Kxf4 41. b7 Rb2 42. Rb3 Rxa2 43. b8=Q+ Ke4 44. Qb7+ Kxd4 45.
Qg7+ Kc4 46. Qf7+ Kd4 47. Rb4+ Kc5 48. Qxa2 Kxb4 49. Qf2 Kc4 50. Qxf5 Kc3 51.
Qe4 Kb3 52. Kd2 h5 53. h4 Kb2 54. Qd3 Ka1 55. Kc1 Ka2 56. Kc2 Ka1 57. Qa3# 1-0